| 000 | 00344 a2200109 4500 | ||
|---|---|---|---|
| 001 | ART_10633 | ||
| 005 | 20260410161643.0 | ||
| 008 | 260409a | ||
| 245 | 1 | 0 | _aTratamiento fiscal de los pagos a beneficiarios del exterior |
| 100 | 1 | _aBechara, Fabián | |
| 773 | 0 |
_tConsultor tributario _g- Año 6, Nº 69 (nov. 2012) _wREV474 |
|
| 999 |
_c13513 _d13513 |
||